Statistics for Geography Series #13

Click here to take the quiz!

General Stats

  • This quiz has been taken 43 times
  • The average score is 12 of 16

Answer Stats

Countries that Border China% Correct
Russia
100%
India
98%
Mongolia
98%
Nepal
95%
North Korea
95%
Bhutan
88%
Vietnam
83%
Kazakhstan
80%
Pakistan
80%
Afghanistan
78%
Laos
76%
Myanmar
76%
Tajikistan
68%
Kyrgyzstan
63%
Hong Kong
12%
Macau
12%

Score Distribution

Percentile by Number Answered

Percent of People with Each Score

Your Score History

You have not taken this quiz